1943 1557 1369 1583 1552 1108 1965 1533 1925 1651 1261 1043 1020 1654 1729 1653 1629 1598 1024 1840 1774 1584 1313 1237 1512 1006 1332 1330 1089 1478 1317 1489 1340 1946 1268 1943 1734 1781 1644 1285 1906 1930 1342 1590 1243 1249 1199 1507 1826 1905 1237 1136 1373 1018 1934 1173 1596 1077 1362 1369 1736 1165 1357 1475 1124 1277 1226 1334 1329 1618 1657 1103 1894 1190 1848 1860 1179 1519 1698 1720 1372 1185 1409 1199 1872 1002 1607 1782 1286 1756 1532 1718 1641 1247 1229 1160 1963 1201 1865 BCNSPRNW ULIB Ver.6.0+V

เปลี่ยนเป็นภาษาไทย

Change to English
 แสดงรายละเอียดบรรณานุกรม
  กลับหน้าหลัก

Brief Record : Get Marc (ISO 2709) : E-mail record : QR code < ปิดหน้าต่าง
LEADER : 00000nas 2200000uu 4500
001    13399114425
003     ULIB
008    020711s|||| th a 000 0 tha d
022    ^a08573859
110    ^aมูลนิธิโรคไตแห่งประเทศไทย
245    ^aวารสารมูลนิธิโรคไต /^cมูลนิธิโรคไตแห่งประเทศไทย
260    ^aกรุงเทพฯ :^bมูลนิธิโรคไตแห่งประเทศไทย,^cม.ป.ป.
310    ^aรายเดือน
850    ^aฉบับที่ 51 ปีที่ 26
945    ^p0^l0^i900262
รายการนี้ยังไม่มีแท็ก
คุณยังไม่ได้ล็อกอิน คุณสามารถมีกิจกรรมร่วมกับเว็บไซต์ได้ แต่ต้องล็อกอินก่อน ::
  ล็อกอิน

รายการสื่อสารสนเทศ (วารสาร)

ดูแบบ: กล่อง รายการ
ARRIVED
ฉบับที่ 51 ปีที่ 26
สถานที่: ห้องสมุดวิทยาเขตสวรรค์ประชารักษ์ >วารสาร
รายการใกล้เคียง
    ผู้แต่ง []

BibComment


ยังไม่เคยถูกคอมเมนท์

คอมเมนท์ทรัพยากรรายการนี้
  คอมเมนท์: วารสารมูลนิธิโรค..


 Copyright 2026. Bcnsprnw @Library